Pokémon - Talents de la neuvième génération - Statistiques

Statistiques générales
  • Ce quiz a été pris 27 fois
  • Le résultat moyen est 21 sur 31
Statistiques - réponses
Talents Effet en combat Effet sur le terrain % Correct
Absorbe-Terre Immunité contre les capacités de type Sol : elles soignent jusqu'à 25 % des PV maximum du Pokémon.
88%
Paléosynthèse La statistique la plus élevée du Pokémon augmente quand le soleil brille ou qu'une capsule d'Énergie Booster est tenue.
83%
Urne du Fléau La statistique d'Attaque Spéciale de tous les autres Pokémon diminue lorsque le Pokémon est envoyé au combat.
79%
Bien Cuit Immunité contre les capacités de type Feu : elles augmentent beaucoup la Défense du Pokémon.
75%
Charge Quantique La statistique la plus élevée du Pokémon augmente quand un Champ Électrifié est actif ou qu'une capsule d'Énergie Booster est tenue.
75%
Épée du Fléau La statistique de Défense de tous les autres Pokémon diminue lorsque le Pokémon est envoyé au combat.
75%
Général Suprême La statistique d'Attaque et d'Attaque Spéciale augmentent de 10% pour chaque allié mis K.O. avant l'arrivée du Pokémon sur le terrain.
75%
Odeur Tenace Remplace le talent de l'adversaire attaquant par Odeur Tenace lorsque le Pokémon subit une attaque directe.
75%
Perles du Fléau La statistique de Défense Spéciale de tous les autres Pokémon diminue lorsque le Pokémon est envoyé au combat.
75%
Sel Purificateur Immunité contre les altérations de statut. Diminue de moitié les dégâts des capacités de type Spectre.
75%
Aéroporté La statistique d'Attaque du Pokémon augmente si un vent arrière souffle ou s'il est touché par une capacité faisant appel au vent. Dans ce dernier cas, il ne subit aucun dégât.
71%
Bois du Fléau La statistique d'Attaque de tous les autres Pokémon diminue lorsque le Pokémon est envoyé au combat.
71%
Commandant Augmente toutes les statistiques de deux niveaux d'un Oyacata allié se trouvant sur le terrain lorsque le Pokémon est envoyé au combat. Le Pokémon entre dans sa bouche.
71%
Corps en Or Immunité contre les capacités de statut.
71%
Dépôt Toxique Pose des pics toxiques dans le camp adverse lorsque le Pokémon est touché par une capacité physique.
71%
Grecharge Augmente la puissance de la prochaine capacité de type Électrik lorsque le Pokémon subit des dégâts.
71%
Semencier Active un Champ Herbu lorsque le Pokémon subit une attaque.
71%
Supermutation Change la forme de Superdofin lorsqu'il est retiré du combat.
71%
Courroupace La statistique de Défense et de Défense Spéciale diminuent, mais la statistique d'Attaque, d'Attaque Spéciale et de Vitesse augmentent si le Pokémon a moins de la moitié de ses PV après avoir subi une attaque.
67%
Incisif Augmente la puissance des capacités tranchantes.
67%
Moteur à Hadrons Active un Champ Électrifié lorsque le Pokémon est envoyé au combat. La statistique d'Attaque Spéciale augmente si un Champ Électrifié est déjà actif.
67%
Thermodynamique Immunité contre les capacités de type Feu : elles augmentent l'Attaque du Pokémon.
67%
Turbine Éolienne Augmente la puissance de la prochaine capacité de type Électrik lorsque le Pokémon est touché par une capacité faisant appel au vent.
67%
Chien de Garde Immunité contre les capacités ou objets faisant changer de Pokémon. Immunité contre le talent Intimidation : la statistique d'Attaque augmente au lieu de diminuer.
58%
Force Fongique Ignore les talents adverses, mais le Pokémon agit toujours plus lentement quand il utilise une capacité de statut.
58%
Porte-Roche Augmente la puissance des capacités de type Roche.
58%
Pouls Orichalque Active le climat soleil lorsque le Pokémon est envoyé au combat. La statistique d'Attaque augmente si le climat est déjà ensoleillé.
58%
Opportuniste Augmente les statistiques du Pokémon de la même manière que le Pokémon adverse.
54%
Ruminant La Baie tenue peut être consommée une deuxième fois à la fin du tour suivant.
54%
Armure Caudale Immunité contre les capacités prioritaires.
46%
Collab Copie les changements de statistiques de l'allié lorsque le Pokémon est envoyé au combat.
46%
Aucun quiz correspondant
Distribution des résultats
% des personnes avec chaque résultat
Percentile par nombre de réponses
Votre historique - résultats
Vous n’avez pas pris ce quiz